Language Quiz

Random Language or Spanish Quiz

Commonest Spanish Words (A-Z) Quiz Stats

 Plays Quiz Updated Feb 25, 2020

Support Sporcle.
Go Orange.
Score 0/19 Timer 03:00
0 Plays Today
Letra Palabras % Correct
Aa, alguno, año, así, ahora
94.3%
Sser, se, su, si, sin, saber, sobre, sí, siempre, seguir
82.5%
Oo, otro
80.4%
Nno, ni, nos, nuestro, nada, nuevo
80.1%
Eel, en, estar, este, ese, él, entre, eso, ella, entonces, encontrar
79.9%
Dde, decir, dar, dos, desde, día, deber, donde, después, dejar
79.7%
Yy, ya, yo
79.5%
Lla, le, lo, llegar, llevar
77%
Mmás, me, muy, mucho, mi, mismo, menos
74%
Qque, qué, querer, quedar
72%
Letra Palabras % Correct
Ppor, para, pero, poder, porque, primero, pasar, poco, poner, parecer, parte
68.9%
Ccon, como, cuando, cosa, creer, cada
60.9%
Hhaber, hacer, hasta, hombre, hablar
50.8%
Uun, uno
49.1%
Ttener, todo, también, tiempo, tanto, tan
48.8%
Vver, vez, vida
41.6%
Iir
39.9%
Bbien
27.2%
Ggrande
11.1%

You're not logged in!

Compare scores with friends on all Sporcle quizzes.
OR
Log In

From the Vault

Asian 'A' Blitz

by sproutcm

'A' makes up 50% of the letters in 'Asia', so it seemed appropriate.
Remove Ads.
Support Sporcle.
Get the best of Sporcle when you Go Orange. This ad-free experience offers more features, more stats, and more fun while also helping to support Sporcle. Thank you for becoming a member.

Show Comments

Extras

Top Quizzes Today


Score Distribution

Your Account Isn't Verified!

In order to create a playlist on Sporcle, you need to verify the email address you used during registration. Go to your Sporcle Settings to finish the process.

Report this User

Report this user for behavior that violates our Community Guidelines.

Details: